LIBRARY & INFORMATION CENTRE, KCAET, TAVANUR

ONLINE PUBLIC ACCESS CATALOGUE (OPAC)

Specification for cage wheel for power tillers,IS:10282-1982 / (Record no. 4236)

MARC details
000 -LEADER
fixed length control field 00330cam a2200133ua 4500
003 - CONTROL NUMBER IDENTIFIER
control field OSt
008 - FIXED-LENGTH DATA ELEMENTS--GENERAL INFORMATION
fixed length control field 230506b |||||||| |||| 00| 0 eng d
041 ## - LANGUAGE CODE
Language code of text/sound track or separate title eng
082 ## - DEWEY DECIMAL CLASSIFICATION NUMBER
Classification number 631.313
Item number IND/SP
245 ## - TITLE STATEMENT
Title Specification for cage wheel for power tillers,IS:10282-1982 /
260 ## - PUBLICATION, DISTRIBUTION, ETC. (IMPRINT)
Place of publication :
Name of publisher ISI ,
Year of publication 1983.
300 ## - PHYSICAL DESCRIPTION
Number of Pages 6 ; .
942 ## - ADDED ENTRY ELEMENTS (KOHA)
Koha item type Books
Holdings
Withdrawn status Lost status Damaged status Home library Current library Date acquired Full call number Accession Number Koha item type
      KAUAET   08/03/1990 631.313 16607 Books
free website counter